• 首页
  • 本馆介绍
  • 公告通知
  • 最新文献
  • 馆藏检索
  • 电子资源
  • 读者荐购
  • 参考咨询
  • CALIS
  • 我的图书馆
  • 登录
  • 详细信息显示
  • 放入我的书架
  • 预约/预借图书
  • 作者相关作品
  • 分类相关作品
  • 丛书相关作品
  • 出版社相关作品

书目信息

  • 表格格式
  • 工作单格式
  • 卡片格式
题名:
乡土世界的现代性想象
    
 
作者: 吴海清 著
分册:  
出版信息: 天津   南开大学出版社  2011.02
页数: 386页
开本: 23cm
丛书名:
单 册:
中图分类: I206
科图分类:
主题词: 乡土文学--xiang tu wen xue--文学研究--中国--当代 , 乡土文学--xiang tu wen xue--文学研究--中国--现代
电子资源:
ISBN: 978-7-310-03629-5
 
 
 
 
 
000 01124nam0 2200289 450
001 B00000099943
005 20110712145612.21
010    @a978-7-310-03629-5@dCNY45.00
100    @a20110401d2011 km y0chiy50 ea
101 0  @achi
102    @aCN@b120000
105    @ay a 000yy
106    @ar
200 1  @a乡土世界的现代性想象@Axiang tu shi jie de xian dai xing xiang xiang@e中国现当代文学乡土叙事思想研究@f吴海清著
210    @a天津@c南开大学出版社@d2011.02
215    @a386页@d23cm
320    @a有书目 (第380-386页)
330    @a本书以中国现当代文学研究史中的乡土叙事理论为研究对象,系统梳理了启蒙主义、马克思主义和文化——审美主义的乡土叙事理论发展史,并在此基础上着力展现了现代性思想与乡土叙事理论间的关系。
333    @a适合相关研究人员
517 1  @a中国现当代文学乡土叙事思想研究@Azhong guo xian dang dai wen xue xiang tu xu shi si xiang yan jiu
586    @a
606 0  @a乡土文学@Axiang tu wen xue@x文学研究@y中国@z当代
606 0  @a乡土文学@Axiang tu wen xue@x文学研究@y中国@z现代
690    @aI206@v5
701  0 @a吴海清@Awu hai qing@4著
801  0 @aCN@c20110610
905    @dI206@eW790@f3
    
    乡土世界的现代性想象:中国现当代文学乡土叙事思想研究/吴海清著.-天津:南开大学出版社,2011.02
    386页;23cm
    使用对象:适合相关研究人员
    
    ISBN 978-7-310-03629-5:CNY45.00
    本书以中国现当代文学研究史中的乡土叙事理论为研究对象,系统梳理了启蒙主义、马克思主义和文化——审美主义的乡土叙事理论发展史,并在此基础上着力展现了现代性思想与乡土叙事理论间的关系。
●
相关链接 在E读中查询图书 在当当中查询图书 在豆瓣中查询图书


正题名:乡土世界的现代性想象     索取号:I206/W790         预约/预借

序号 登录号 条形码 馆藏地/架位号 状态 备注
1 882952   208829525   文学库108/108文学库 5排1列3层/ [索取号:I206/W790] 在馆    
2 882953   208829534   文学库108/108文学库 5排1列3层/ [索取号:I206/W790] 在馆    
3 882954   208829543   文学库108/108文学库 5排1列3层/ [索取号:I206/W790] 在馆    
河南城建学院图书馆 欢迎您!
大连网信软件有限公司© 版权所有